An empirical investigation of criminal recidivism: a logistic regression analysis

Saved in:  
Bibliographic Details
Main Author: Hooton, Paul H. (Author)
Format: Print Book
Language:English
Published: 1999
In:Year: 1999
Check availability: HBZ Gateway
Subito Delivery Service: Order now.
Keywords:

MARC

LEADER 00000cam a2200000 c 4500
001 1353971384
003 DE-627
005 20220613113437.0
007 tu
008 080715s1999 xx ||||| m 00| ||eng c
024 8 |a UMI no. 3184224 
035 |a (DE-627)1353971384 
035 |a (DE-576)28397138X 
035 |a (DE-599)BSZ28397138X 
035 |a (OCoLC)315977453 
040 |a DE-627  |b ger  |c DE-627  |e rakwb 
041 |a eng 
100 1 |a Hooton, Paul H.  |4 aut 
245 1 3 |a An empirical investigation of criminal recidivism  |b a logistic regression analysis  |c by Paul H. Hooton 
264 1 |c 1999 
300 |a 232 S. 
336 |a Text  |b txt  |2 rdacontent 
337 |a ohne Hilfsmittel zu benutzen  |b n  |2 rdamedia 
338 |a Band  |b nc  |2 rdacarrier 
502 |a Saybrook Graduate School, Diss, 1999 
583 1 |a Archivierung prüfen  |c 20200919  |f DE-640  |z 1  |2 pdager 
655 7 |a Hochschulschrift  |0 (DE-588)4113937-9  |0 (DE-627)105825778  |0 (DE-576)209480580  |2 gnd-content 
689 0 0 |d s  |0 (DE-588)4050841-9  |0 (DE-627)106179772  |0 (DE-576)209090022  |a Rückfall  |2 gnd 
689 0 1 |d s  |0 (DE-588)4135740-1  |0 (DE-627)105662852  |0 (DE-576)209663340  |a Neuropsychologie  |2 gnd 
689 0 |5 (DE-627) 
951 |a BO 
ELC |b 1 
LOK |0 000 xxxxxcx a22 zn 4500 
LOK |0 001 2576345697 
LOK |0 003 DE-627 
LOK |0 004 1353971384 
LOK |0 005 20081010151610 
LOK |0 008 080715||||||||||||||||ger||||||| 
LOK |0 040   |a DE-21  |c DE-627  |d DE-21 
LOK |0 852   |z Kopie, ersch. im Verl. Univ. Microfilms Internat., Ann Arbor, 2008 
LOK |0 852   |a DE-21 
LOK |0 852 1  |c KB 20 A 3360  |9 00 
LOK |0 935   |a krim 
LOK |0 936ln  |a k8.8.5.1 
LOK |0 938   |l 10/10/08  |8 6 
LOK |0 939   |a 15-07-08  |b l01 
ORI |a SA-MARC-krimdoka001.raw